Alphabétiquement premier voisin de ces pays aléatoires - Statistiques

Statistiques générales
  • Ce quiz a été pris 145 fois
  • Le résultat moyen est 10 sur 15
Statistiques - réponses
Pays 1er voisin % Correct
Zimbabwe Afrique du Sud
100%
Botswana Afrique du Sud
100%
Serbie Albanie
100%
Mali Algérie
100%
Danemark Allemagne
100%
Autriche Allemagne
100%
Pays-Bas Allemagne
100%
Yemen Arabie saoudite
100%
Oman Arabie saoudite
100%
Uruguay Argentine
100%
Azerbaïdjan Armenie
100%
Slovaquie Autriche
100%
Allemagne Autriche
100%
Hongrie Autriche
100%
Liechtenstein Autriche
100%
Birmanie Bangladesh
100%
Bangladesh Birmanie
100%
Pérou Bolivie
100%
Venezuela Brésil
100%
Tanzanie Burundi
100%
Rwanda Burundi
100%
Viêt Nam Cambodge
100%
États-Unis Canada
100%
Afghanistan Chine
100%
Mongolie Chine
100%
Nepal Chine
100%
Corée du Nord Chine
100%
Bhoutan Chine
100%
Panama Colombie
100%
Corée du Sud Corée du Nord
100%
Bosnie-Herzégovine Croatie
100%
Andorre Espagne
100%
Portugal Espagne
100%
Canada États-Unis
100%
Norvège Finlande
100%
Monaco France
100%
Timor Oriental Indonesie
100%
Lebanon Israël
100%
Saint-Marin Italie
100%
Estonie Lettonie
100%
Angola Namibie
100%
République centrafricaine République démocratique du Congo
100%
Moldavie Roumanie
100%
Irlande Royaume-Uni
100%
Libye Algérie
75%
Nigeria Bénin
75%
Togo Benin
75%
Soudan Égypte
75%
Pakistan Afghanistan
67%
France Allemagne
67%
République tchèque Allemagne
67%
Émirats arabes unis Arabie saoudite
67%
Inde Bangladesh
67%
Mexique Belize
67%
Nicaragua Costa Rica
67%
Arabie saoudite Émirats arabes unis
67%
Suède Finlande
67%
République dominicaine Haiti
67%
Papouasie-Nouvelle-Guinée Indonesie
67%
Égypte Israël
67%
Indonesie Malaisie
67%
Montenegro Albanie
60%
Brésil Argentine
60%
Armenie Azerbaïdjan
60%
Haiti République dominicaine
60%
Turkmenistan Afghanistan
50%
Mozambique Afrique du Sud
50%
Kosovo Albanie
50%
Grèce Albanie
50%
Mauritanie Algérie
50%
Maroc Algérie
50%
Belgique Allemagne
50%
Chili Argentine
50%
Géorgie Armenie
50%
Italie Autriche
50%
Slovénie Autriche
50%
Lettonie Biélorussie
50%
Thaïlande Birmanie
50%
Croatie Bosnie-Herzégovine
50%
Guyana Brésil
50%
Suriname Brésil
50%
Côte d'Ivoire Burkina Faso
50%
Benin Burkina Faso
50%
Liberia Côte d'Ivoire
50%
Palestine Égypte
50%
Soudan du Sud Éthiopie
50%
Cameroun Gabon
50%
Salvador Guatemala
50%
Syrie Irak
50%
Vatican Italie
50%
Cambodge Laos
50%
Biélorussie Lettonie
50%
Équateur Colombie
40%
Chine Afghanistan
33%
Namibie Afrique du Sud
33%
Tunisie Algérie
33%
République démocratique du Congo Angola
33%
Zambie Angola
33%
Guatemala Belize
33%
Laos Birmanie
33%
Malaisie Brunei
33%
Tchad Cameroun
33%
Sénégal Gambie
33%
Sierra Leone Guinée
33%
Brunei Malaisie
33%
Malawi Mozambique
33%
Turquie Armenie
25%
Lituanie Biélorussie
25%
Djibouti Érythrée
25%
Ouzbékistan Afghanistan
0%
Iran Afghanistan
0%
Tadjikistan Afghanistan
0%
Eswatini Afrique du Sud
0%
Lesotho Afrique du Sud
0%
Macédoine du Nord Albanie
0%
Niger Algérie
0%
Luxembourg Allemagne
0%
Suisse Allemagne
0%
Pologne Allemagne
0%
Espagne Andorre
0%
République du Congo Angola
0%
Irak Arabie saoudite
0%
Qatar Arabie saoudite
0%
Jordanie Arabie saoudite
0%
Koweït Arabie saoudite
0%
Bolivie Argentine
0%
Paraguay Argentine
0%
Russie Azerbaïdjan
0%
Burkina Faso Bénin
0%
Ukraine Biélorussie
0%
Argentine Bolivie
0%
Afrique du Sud Botswana
0%
Colombie Brésil
0%
Roumanie Bulgarie
0%
Ghana Burkina Faso
0%
Guinée équatoriale Cameroun
0%
Gabon Cameroun
0%
Kazakhstan Chine
0%
Kirghizistan Chine
0%
Guinée Côte d'Ivoire
0%
Éthiopie Djibouti
0%
Somalie Djibouti
0%
Érythrée Djibouti
0%
Israël Égypte
0%
Kenya Éthiopie
0%
Bulgarie Grèce
0%
Albanie Grèce
0%
Honduras Guatemala
0%
Belize Guatemala
0%
Guinée Bissau Guinée
0%
Royaume-Uni Irlande
0%
Ouganda Kenya
0%
Algérie Libye
0%
Costa Rica Nicaragua
0%
Finlande Norvège
0%
Burundi République démocratique du Congo
0%
Gambie Sénégal
0%
Aucun quiz correspondant
Distribution des résultats
% des personnes avec chaque résultat
Percentile par nombre de réponses
Votre historique - résultats
Vous n’avez pas pris ce quiz